[Event "4th HD Bank Cup 2014"]
[Site "Ho Chi Minh City VIE"]
[Date "2014.03.11"]
[Round "2.9"]
[White "Vo, Thanh Ninh"]
[Black "Nguyen, Van Huy"]
[Result "1/2-1/2"]
[BlackTitle "IM"]
[WhiteElo "2299"]
[BlackElo "2414"]
[WhiteFideId "12402141"]
[BlackFideId "12401064"]
[EventDate "2014.03.10"]

1. c4 Nf6 2. Nf3 e6 3. g3 a6 4. Bg2 b5 5. b3 c5 6. O-O Bb7 7. Nc3 Qb6 8. e3 g6
9. a4 b4 10. a5 Qc7 11. Na4 Bg7 12. Bb2 d6 13. Nb6 Ra7 14. Ra2 O-O 15. Qa1 Qe7
16. Rd1 Rd8 17. d4 Ne4 18. Nd2 Nxd2 19. Rxd2 Bxg2 20. Kxg2 Qb7+ 21. f3 cxd4 22.
Bxd4 Bxd4 23. exd4 Nc6 24. Rac2 Rb8 25. c5 d5 26. Qa4 Qc7 27. Rd1 Rab7 28. Re2
Rf8 29. Rdd2 Rbb8 30. Rd1 Rbd8 31. Rdd2 1/2-1/2

[Event "4th HD Bank Cup 2014"]
[Site "Ho Chi Minh City VIE"]
[Date "2014.03.11"]
[Round "2.10"]
[White "Tran, Thanh Tu"]
[Black "Wynn Zaw Htun"]
[Result "1-0"]
[WhiteTitle "CM"]
[BlackTitle "IM"]
[WhiteElo "2277"]
[BlackElo "2408"]
[WhiteFideId "12401404"]
[BlackFideId "13002783"]
[EventDate "2014.03.10"]

1. Nf3 Nf6 2. d4 g6 3. Bf4 Bg7 4. e3 d6 5. h3 O-O 6. Be2 c5 7. c3 Nbd7 8. Nbd2
b6 9. a4 a6 10. O-O Bb7 11. Bh2 Re8 12. Qb3 Qc7 13. Bc4 e6 14. Rfd1 Bf8 15. Rac1
Bc6 16. Be2 Qb7 17. c4 Qc7 18. Nb1 cxd4 19. exd4 Bh6 20. Rc2 Be4 21. Rc3 e5 22.
Qa3 exd4 23. Nxd4 Ne5 24. Nc2 Rad8 25. Ne3 Qb7 26. Nd2 Bc6 27. Bf1 Bf8 28. Qa1
Bh6 29. b4 Ra8 30. Ra3 Bd7 31. f4 Nc6 32. Qxf6 Bg7 33. Qh4 Bd4 34. Kh1 Bxe3 35.
Nf3 Nxb4 36. Ng5 h5 37. Be2 Bc6 38. Bf3 Bxf3 39. Nxf3 Qe4 40. Ng5 Qxc4 41. Qg3
Bc5 42. f5 Nc2 43. fxg6 fxg6 44. Rc3 Qe2 45. Rc1 Nd4 46. Nf3 Qe6 47. Re1 Qf7 48.
Nxd4 Bxd4 49. Rf3 Rxe1+ 50. Qxe1 Re8 51. Qh4 Qc4 52. Bg1 Qxa4 53. Bxd4 Qd1+ 54.
Kh2 Qc2 55. Qf6 1-0

[Event "4th HD Bank Cup 2014"]
[Site "Ho Chi Minh City VIE"]
[Date "2014.03.11"]
[Round "2.11"]
[White "Yap, Kim Steven"]
[Black "Tran, Quoc Dung"]
[Result "1-0"]
[WhiteTitle "IM"]
[WhiteElo "2407"]
[BlackElo "2270"]
[WhiteFideId "5202809"]
[BlackFideId "12400645"]
[EventDate "2014.03.10"]

1. e4 c5 2. b3 Nc6 3. Bb2 d6 4. Bb5 a6 5. Bxc6+ bxc6 6. Ne2 d5 7. O-O e6 8. d3
Nf6 9. Nd2 Be7 10. Ng3 Qc7 11. f4 Bb7 12. e5 Nd7 13. f5 g6 14. fxe6 fxe6 15. Qf3
O-O-O 16. Qg4 Rde8 17. Rf7 Nf8 18. Nf3 h5 19. Qf4 Qd8 20. h4 Nh7 21. Bc1 Reg8
22. Kh1 g5 23. hxg5 h4 24. Nf1 h3 25. g3 Nxg5 26. Nxg5 Bxg5 27. Qf3 Be7 28. Kh2
Kb8 29. Be3 Bc8 30. Nd2 Bd7 31. Qf2 Rf8 32. Rf1 Be8 33. Rxf8 Rxf8 34. Qg1 Rxf1
35. Qxf1 Bg5 36. Bxg5 Qxg5 37. Qf4 Qxf4 38. gxf4 Bh5 39. Kxh3 Bd1 40. c3 Bc2 41.
d4 cxd4 42. cxd4 Kb7 43. Kg4 Kb6 44. Kf3 Kb5 45. a3 a5 46. Ke3 c5 47. dxc5 Kxc5
48. Nf3 Bf5 49. Nd4 Bg4 50. Kd3 Bh3 51. Kc3 Bg4 52. b4+ axb4+ 53. axb4+ Kb6 54.
Kd3 Kc7 55. Kd2 Kd7 56. Kc3 Bh3 57. Nb5 Kc6 58. Nd4+ Kd7 59. Kd3 Ke7 60. Ke2 Kd7
61. Kf2 Ke7 62. b5 Kd7 63. b6 Bg4 64. Kg3 Bh5 65. Kh4 Be8 66. Kg5 Kc8 67. Kf6
Kb7 68. Kxe6 Kxb6 69. Kxd5 Kc7 70. Ke6 Kd8 71. Kd6 Ba4 72. f5 1-0

[Event "4th HD Bank Cup 2014"]
[Site "Ho Chi Minh City VIE"]
[Date "2014.03.11"]
[Round "2.12"]
[White "Tin, Jingyao"]
[Black "Dimakiling, Oliver"]
[Result "1/2-1/2"]
[WhiteTitle "FM"]
[BlackTitle "IM"]
[WhiteElo "2225"]
[BlackElo "2364"]
[WhiteFideId "5804418"]
[BlackFideId "5202248"]
[EventDate "2014.03.10"]

1. d4 Nf6 2. c4 c6 3. Nc3 d5 4. Nf3 a6 5. c5 g6 6. Bf4 Nh5 7. e3 Bg7 8. Bxb8
Rxb8 9. Be2 O-O 10. O-O Qc7 11. b4 Bg4 12. a4 Bxf3 13. Bxf3 Nf6 14. b5 e5 15.
Rb1 axb5 16. axb5 Nd7 17. Rb3 Rfe8 18. Qd2 Nf8 19. Rfb1 Ne6 20. Ne2 Ng5 21. Ng3
Nxf3+ 22. gxf3 exd4 23. exd4 Ra8 24. bxc6 bxc6 25. Rb7 Qd8 26. Qf4 Qf6 27. Qxf6
Bxf6 28. Rc7 Re6 29. Rbb7 h5 30. Kg2 h4 31. Nh1 Ra1 32. Rxf7 Rxh1 33. Rfc7 Rhe1
34. Rc8+ Re8 35. Rxc6 R1e6 36. Rxe6 Rxe6 37. Rd7 Bxd4 38. Rxd5 Bf6 39. Kh3 Kf7
40. f4 Re4 41. Kg4 g5 42. Rf5 Ke6 43. c6 Rc4 44. c7 gxf4 45. Rxf4 Rxc7 46. h3
Rc2 47. Kf3 Bg5 48. Ra4 Kf5 49. Ra5+ Kg6 50. Ra6+ Bf6 51. Ra4 Rd2 52. Ke3 Rd5
53. Kf3 Kh5 54. Rb4 Rd3+ 55. Kg2 Bd4 56. Rb8 Rd2 57. Rf8 Kg5 58. Rf7 Bf6 59. Rb7
Kf4 60. Rf7 Rd6 61. Rf8 Re6 62. Rg8 Bg5 63. Ra8 Re5 64. Ra4+ Kf5 65. Ra8 Rd5 66.
Kf3 Bf6 67. Rg8 Rd2 68. Rg4 Bd4 69. Rxh4 Rxf2+ 70. Kg3 Rd2 71. Rf4+ Ke5 72. Rf3
Bc5 73. h4 Bd6 74. Rf2 Ke4+ 75. Kg2 Rd1 76. h5 Bc5 77. Ra2 Rg1+ 78. Kh2 Rg5 79.
Rg2 Bd6+ 80. Kh3 Rd5 81. Kg4 Bf4 82. h6 Rg5+ 83. Kh3 Rh5+ 84. Kg4 Rxh6 85. Re2+
Be3 86. Rg2 Rh8 87. Rg3 Bf2 88. Rg2 Rf8 89. Kh5 Kf3 90. Rg7 Bd4 91. Rd7 Ke4 92.
Kg6 Rf2 93. Rh7 Rg2+ 94. Kf7 Kd5 95. Ke7 Rf2 96. Kd7 Be5 97. Re7 Rh2 98. Rf7 Rh6
99. Ke7 Kc6 100. Rf5 Bd6+ 101. Kf7 Kd7 102. Rf6 Rh1 103. Rf5 Rg1 104. Kf6 Re1
105. Kg6 Be5 106. Kf7 Re4 107. Kg6 Ke6 108. Rg5 Ra4 109. Rg2 Ra8 110. Rg4 Rh8
111. Kg5 Rf8 112. Kg6 Rf3 113. Rg5 Bf4 114. Rg4 Ke5 115. Rg2 Ra3 116. Kh5 Ra4
117. Kg4 Bc1+ 118. Kf3 Kf5 119. Rc2 Bf4 120. Rc5+ Be5 121. Rc2 Ra3+ 122. Ke2 Ke4
123. Rc4+ Bd4 124. Rc2 Rh3 125. Rd2 Bc3 126. Rc2 Re3+ 127. Kf2 Kf4 128. Re2 Rf3+
129. Kg2 Bd4 130. Rd2 Rg3+ 131. Kf1 Ke3 132. Re2+ Kd3 133. Rd2+ Kc3 134. Rg2 Re3 1/2-1/2

[Event "4th HD Bank Cup 2014"]
[Site "Ho Chi Minh City VIE"]
[Date "2014.03.11"]
[Round "2.13"]
[White "Pham, Chuong"]
[Black "Pham, Thi Thu Hien"]
[Result "1-0"]
[WhiteTitle "FM"]
[WhiteElo "2353"]
[BlackElo "2158"]
[WhiteFideId "12401218"]
[BlackFideId "12402575"]
[EventDate "2014.03.10"]

1. d4 d5 2. c4 c6 3. Nc3 Nf6 4. e3 Nbd7 5. Nf3 e6 6. Bd3 Be7 7. O-O b6 8. b3 O-O
9. Bb2 Bb7 10. Rc1 Rc8 11. Qe2 Re8 12. Rfd1 h6 13. Bb1 Bd6 14. Re1 Qe7 15. e4
dxe4 16. Nxe4 Bb4 17. Red1 Nxe4 18. Qxe4 Nf6 19. Qc2 Ba3 20. Bxa3 Qxa3 21. c5
Red8 22. Qc3 Rd5 23. b4 Qxc3 24. Rxc3 Ra8 25. Rb3 b5 26. Ra3 Rdd8 27. Bc2 Nd5
28. Rb1 Nf4 29. Kf1 g5 30. g3 Nd5 31. h3 Kg7 32. Ra5 Kf6 33. Rb3 Kg7 34. Ke2 f5
35. a3 Kf6 36. Rd3 a6 37. Bb3 Nc7 38. Kd2 h5 39. Ne5 Ne8 40. Ba2 Rac8 41. a4 Nc7
42. Ke3 Ra8 43. Bb3 Ke7 44. Rd1 Ne8 45. Ra1 Nf6 46. axb5 cxb5 47. c6 Bc8 48.
Rxb5 Ra7 49. Rba5 Rc7 50. Bc4 Rd6 51. R1a4 Nd5+ 52. Bxd5 Rxd5 53. Kd3 Kd6 54.
Rc5 Rxc5 55. bxc5+ Kd5 56. Rb4 a5 57. Rb6 f4 58. gxf4 gxf4 59. f3 a4 60. Kc3 h4
61. Nd3 e5 62. Nb4+ Ke6 63. d5+ Kf5 64. d6 Rg7 65. Rb8 1-0

[Event "4th HD Bank Cup 2014"]
[Site "Ho Chi Minh City VIE"]
[Date "2014.03.11"]
[Round "2.14"]
[White "Le, Kieu Thien Kim"]
[Black "Tran, Tuan Minh"]
[Result "1-0"]
[WhiteTitle "WIM"]
[BlackTitle "FM"]
[WhiteElo "2199"]
[BlackElo "2353"]
[WhiteFideId "12400572"]
[BlackFideId "12401820"]
[EventDate "2014.03.10"]

1. d4 Nf6 2. Bf4 g6 3. e3 Bg7 4. Be2 d6 5. c3 O-O 6. h3 Nbd7 7. Nf3 b6 8. Nbd2
Bb7 9. a4 a6 10. O-O Re8 11. Nc4 Bd5 12. Bh2 Qc8 13. Nfd2 e5 14. Bf3 Qb7 15.
Bxd5 Qxd5 16. dxe5 dxe5 17. Qe2 Rad8 18. Rfd1 Qc6 19. Nf3 Nd5 20. Rd2 e4 21. Nd4
Qb7 22. Nb3 Nf8 23. Rad1 Qc6 24. Nd4 Qc5 25. b4 Qe7 26. Nc6 Qf6 27. Nxd8 Nxc3
28. Qf1 Nxd1 29. Qxd1 Qc3 30. Qe2 b5 31. axb5 axb5 32. Na5 c5 33. Nac6 cxb4 34.
Bd6 b3 35. Ne7+ Rxe7 36. Bxe7 Qc1+ 37. Rd1 b2 38. Qf1 Qc2 39. Bb4 Qb3 40. Bxf8
Kxf8 41. Nc6 f5 42. Rb1 Qc2 43. Nd4 Bxd4 44. exd4 b4 45. Qd1 b3 46. d5 Ke7 47.
Qe1 Kd7 48. Rd1 1-0

[Event "4th HD Bank Cup 2014"]
[Site "Ho Chi Minh City VIE"]
[Date "2014.03.11"]
[Round "2.15"]
[White "Emojong, Elijah"]
[Black "Dang, Hoang Son"]
[Result "0-1"]
[WhiteTitle "IM"]
[BlackTitle "FM"]
[WhiteElo "2350"]
[BlackElo "2043"]
[WhiteFideId "10000402"]
[BlackFideId "12402435"]
[EventDate "2014.03.10"]

1. d4 d5 2. c4 c6 3. Nf3 Nf6 4. Nc3 a6 5. g3 dxc4 6. a4 Bf5 7. Bg2 Nbd7 8. a5
Ne4 9. Nd2 Nxd2 10. Bxd2 e6 11. e4 Bg6 12. O-O Bd6 13. f4 f6 14. Qg4 Qe7 15. Qe2
e5 16. fxe5 fxe5 17. d5 Bf7 18. Qxc4 O-O 19. h4 h6 20. Kh2 Rac8 21. Qe2 Nc5 22.
Bh3 Rc7 23. dxc6 bxc6 24. Be3 Nb3 25. Rad1 Nd4 26. Bxd4 exd4 27. Rxd4 Bxg3+ 28.
Kg2 Be5 29. Rd3 Bc4 30. Rdf3 Bxe2 31. Rxf8+ Kh7 32. Nxe2 Qxh4 33. Nf4 Qg5+ 34.
Kh1 Bxf4 35. R1xf4 Qxa5 36. Be6 Qh5+ 37. Kg2 Qg6+ 38. Bg4 h5 39. Kg3 hxg4 40. e5
Rb7 41. b4 Rd7 42. R8f5 Rd3+ 0-1

[Event "4th HD Bank Cup 2014"]
[Site "Ho Chi Minh City VIE"]
[Date "2014.03.11"]
[Round "2.16"]
[White "Liu, Xiangyi"]
[Black "Pham, Le Thao Nguyen"]
[Result "1-0"]
[WhiteTitle "FM"]
[BlackTitle "IM"]
[WhiteElo "2159"]
[BlackElo "2349"]
[WhiteFideId "8605718"]
[BlackFideId "12401226"]
[EventDate "2014.03.10"]

1. e4 c5 2. Nf3 e6 3. g3 Nc6 4. Bg2 d6 5. O-O Nf6 6. Re1 Be7 7. c3 d5 8. e5 Nd7
9. d4 Rb8 10. h4 b5 11. Bf4 Qb6 12. h5 Ba6 13. h6 g6 14. Bg5 cxd4 15. Bxe7 Nxe7
16. Nxd4 b4 17. Qa4 Bd3 18. Nd2 bxc3 19. bxc3 Qa6 20. Qxa6 Bxa6 21. g4 Nc5 22.
N2b3 Na4 23. Rac1 Kd7 24. Re3 g5 25. Bf1 Bxf1 26. Kxf1 Rbc8 27. Nb5 Rc4 28. N3d4
Nc8 29. Na3 Rc7 30. Rf3 Ke7 31. Nab5 Rc5 32. Rb1 a6 33. Na7 Ncb6 34. Nac6+ Ke8
35. Nb8 Rc4 36. Rb4 Rg8 37. Nxa6 Rxb4 38. cxb4 Rg6 39. Nc7+ Ke7 40. Nc6+ Kd7 41.
b5 Kxc7 42. Rxf7+ Nd7 43. Rxh7 Rg8 44. Rg7 Rh8 45. h7 Nc5 46. Ne7 Kb6 47. Ng6
Rxh7 48. Rxh7 Kxb5 49. f4 d4 50. f5 exf5 51. gxf5 d3 52. f6 Kc4 53. Ke1 Kc3 54.
Kd1 Nb6 55. f7 Nc4 56. Rh2 Ne6 57. f8=Q Nxf8 58. Nxf8 Nxe5 59. Ne6 g4 60. Rh8
Nc4 61. Rc8 g3 62. Nf4 Kd4 63. Rg8 Ne3+ 64. Ke1 Ke4 65. Nxd3 Kxd3 66. Rxg3 Kd4
67. Ke2 Nc4 68. Kd1 Kc5 69. Kc2 Na5 70. Kc3 Kb5 71. Rg4 Nb7 72. Rb4+ Ka6 73. Kc4
Na5+ 74. Kd5 Nb7 75. a3 Na5 76. Kd6 Nb7+ 77. Kc7 Na5 78. a4 Ka7 79. Rb5 Ka6 80.
Rb6+ Ka7 81. Rh6 Nb3 82. Kc6 Ka6 83. Rh3 Na5+ 84. Kc5 Nb7+ 85. Kb4 Nd8 86. Rh6+
Ka7 87. Kb5 Nb7 88. Rh7 1-0

[Event "4th HD Bank Cup 2014"]
[Site "Ho Chi Minh City VIE"]
[Date "2014.03.11"]
[Round "2.17"]
[White "Le, Hoang Tran Chau"]
[Black "Nguyen, Van Hai"]
[Result "0-1"]
[WhiteTitle "WFM"]
[BlackTitle "IM"]
[WhiteElo "2124"]
[BlackElo "2341"]
[WhiteFideId "12401854"]
[BlackFideId "12400122"]
[EventDate "2014.03.10"]

1. d4 Nf6 2. Nf3 g6 3. g3 Bg7 4. Bg2 O-O 5. O-O c6 6. c4 d6 7. Nc3 Bf5 8. Re1
Ne4 9. Nxe4 Bxe4 10. e3 Nd7 11. Bd2 Re8 12. Bc3 e6 13. Nd2 Bxg2 14. Kxg2 d5 15.
e4 dxe4 16. Nxe4 Nf6 17. Qf3 Nxe4 18. Qxe4 Qb6 19. h4 Rad8 20. Rad1 Rd7 21. Rd2
Red8 22. Red1 Qa6 23. b3 b5 24. c5 Rd5 25. Qe3 R8d7 26. f4 Qc8 27. b4 Qd8 28. a3
Qf6 29. Qe4 Qd8 30. Qe3 h6 31. Kf3 Qf6 32. Qe4 Kf8 33. Ke2 Ke8 34. Rf1 Qd8 35.
Rfd1 Bf6 36. Rd3 Qc8 37. Kd2 Qa6 38. Kc2 Qa4+ 39. Kb2 a5 40. bxa5 Bd8 41. h5
gxh5 42. f5 Rxf5 43. Qxc6 Bxa5 44. Qa8+ Bd8 45. Qxa4 bxa4 46. Bd2 Bf6 47. Bb4
Rdd5 48. Kc3 Kd7 49. Kc4 Kc6 50. Bd2 e5 51. Bxh6 Rxd4+ 52. Rxd4 exd4 53. Bf8 Rf3
54. Rb1 Rc3+ 55. Kb4 Kd5 56. Rf1 Be5 57. Rxf7 d3 58. Rd7+ Ke4 59. Kxa4 Bd4 60.
Bh6 Bxc5 61. Rd8 Kf3 62. Kb5 Be3 63. Bxe3 Kxe3 64. Kb4 Rc7 65. a4 d2 66. Rd5 Rc1 0-1

[Event "4th HD Bank Cup 2014"]
[Site "Ho Chi Minh City VIE"]
[Date "2014.03.11"]
[Round "2.18"]
[White "Gomez, John Paul"]
[Black "Ngo, Kim Cuong"]
[Result "1-0"]
[WhiteTitle "GM"]
[WhiteElo "2534"]
[BlackElo "1995"]
[WhiteFideId "5201381"]
[BlackFideId "12400890"]
[EventDate "2014.03.10"]

1. d4 d5 2. c4 e6 3. Nc3 Nf6 4. Bg5 Be7 5. cxd5 Nxd5 6. Bxe7 Qxe7 7. e4 Nxc3 8.
bxc3 O-O 9. Nf3 Nd7 10. Bd3 b6 11. O-O Bb7 12. Re1 Rfd8 13. Qe2 c5 14. a4 cxd4
15. cxd4 g6 16. a5 Qd6 17. Qb2 Bc6 18. h4 Qf4 19. Qc1 Qxc1 20. Rexc1 Nb8 21. Ne5
Rxd4 22. axb6 a5 23. Rxc6 Nxc6 24. b7 Rf8 25. Nxc6 Rxd3 26. b8=Q Rxb8 27. Nxb8
Rd4 28. Rxa5 Rxe4 29. g3 Rb4 30. Nc6 Rb6 31. Ne5 Rb7 32. Kg2 Kg7 33. g4 Rc7 34.
Ra3 f6 35. Nf3 e5 36. Re3 Rc4 37. g5 Rf4 38. Kg3 Rf5 39. gxf6+ Kxf6 40. Ng5 h6
41. Ne4+ Ke6 42. Rf3 Kd5 43. Nf6+ Ke6 44. Ng4 h5 45. Ne3 1-0

[Event "4th HD Bank Cup 2014"]
[Site "Ho Chi Minh City VIE"]
[Date "2014.03.11"]
[Round "2.19"]
[White "Shyam, Sundar M."]
[Black "Nguyen, Anh Khoi"]
[Result "0-1"]
[WhiteTitle "GM"]
[BlackTitle "FM"]
[WhiteElo "2507"]
[BlackElo "2147"]
[WhiteFideId "5019141"]
[BlackFideId "12404675"]
[EventDate "2014.03.10"]

1. e4 c5 2. Nc3 e6 3. Nge2 a6 4. g3 b5 5. Bg2 Bb7 6. O-O Nf6 7. d4 cxd4 8. Nxd4
b4 9. Nd5 exd5 10. exd5 Bc5 11. Re1+ Kf8 12. Nf5 d6 13. Bf4 Bc8 14. Ne7 Ng4 15.
Nxc8 Qxc8 16. Re2 Nd7 17. Bh3 h5 18. Kg2 Qb7 19. f3 Ndf6 20. Bg5 Nxd5 21. Qd3
Ne5 22. Qe4 Rb8 23. Rd1 Nf6 24. Bxf6 Qxe4 25. Bxg7+ Kxg7 26. Rxe4 Ng6 27. Bd7 h4
28. f4 hxg3 29. hxg3 Rb7 30. Bf5 Ne7 31. Bh3 d5 32. Re2 Rb6 33. Rd3 Rbh6 34. g4
Ng6 0-1

[Event "4th HD Bank Cup 2014"]
[Site "Ho Chi Minh City VIE"]
[Date "2014.03.11"]
[Round "2.20"]
[White "Vijayalakshmi, Subbaraman"]
[Black "Diu, Viacheslav"]
[Result "0-1"]
[WhiteTitle "IM"]
[BlackTitle "IM"]
[WhiteElo "2365"]
[BlackElo "2474"]
[WhiteFideId "5004098"]
[BlackFideId "4167465"]
[EventDate "2014.03.10"]

1. d4 d5 2. c4 c6 3. Nc3 Nf6 4. e3 e6 5. Nf3 a6 6. Bd3 dxc4 7. Bxc4 c5 8. O-O b5
9. Bb3 Bb7 10. Qe2 Nbd7 11. Rd1 Qb6 12. d5 Nxd5 13. Nxd5 exd5 14. Bxd5 Bxd5 15.
Rxd5 Be7 16. e4 Qb7 17. Bg5 f6 18. Bf4 O-O 19. Nh4 Nb6 20. Nf5 Nxd5 21. exd5 Rf7
22. Qe6 Bf8 23. Bd6 Kh8 24. Bxf8 Rfxf8 25. d6 Qf7 26. Qe4 Rad8 27. Rd1 Rfe8 28.
Qg4 Qd7 29. Qf3 Re6 30. h4 g6 31. Ne3 Rxd6 32. Rxd6 Qxd6 33. h5 gxh5 34. Qxh5
Qe5 35. Qe2 f5 36. Qh5 Rf8 37. g4 Qe8 38. Qg5 Qg6 39. Qe7 Re8 40. Qxc5 fxg4 41.
Nf5 Qf6 42. b3 Qe5 43. Qc2 Qe1+ 44. Kh2 Qe2 45. Qc5 Qe5+ 0-1

[Event "4th HD Bank Cup 2014"]
[Site "Ho Chi Minh City VIE"]
[Date "2014.03.11"]
[Round "2.21"]
[White "Prasanna Raghuram Rao"]
[Black "Hoang, Thi Nhu Y"]
[Result "1/2-1/2"]
[WhiteTitle "IM"]
[BlackTitle "WIM"]
[WhiteElo "2410"]
[BlackElo "2210"]
[WhiteFideId "5022401"]
[BlackFideId "12401455"]
[EventDate "2014.03.10"]

1. e4 g6 2. d4 Bg7 3. Nc3 d6 4. Be3 c6 5. h3 Nf6 6. Nge2 b5 7. e5 Nfd7 8. exd6
exd6 9. d5 c5 10. Nxb5 Qb6 11. Nbc3 Qxb2 12. Bd2 Qb6 13. Rb1 Qd8 14. Ng3 O-O 15.
Be2 Ba6 16. O-O Nb6 17. Nce4 Re8 18. Bxa6 Nxa6 19. Re1 Nc7 20. Qf3 Ncxd5 21.
Rbd1 Re5 22. Ba5 Qe7 23. c4 Nc7 24. Bc3 Nxc4 25. Bxe5 Bxe5 26. Nc3 Qf6 27. Qxf6
Bxf6 28. Nd5 Nxd5 29. Rxd5 Be5 30. Ne4 Nb6 31. Rdd1 Nc4 32. Rc1 Nb2 33. Rc2 Nd3
34. Rd1 Nb4 35. Rc4 Nxa2 36. Rd2 Nb4 37. Nxd6 Rd8 38. Ne4 Rxd2 39. Nxd2 Nd3 40.
Nb3 Bd6 41. Kf1 Kf8 42. Rc3 Nb4 43. Nxc5 Ke7 44. Ne4 Be5 45. Ra3 Nc6 46. Ke2 a5
47. Kd3 f5 48. Nd2 Bd6 49. Ra4 Bb4 50. Nc4 Ke6 51. Ra2 Kd5 52. f4 Bd6 53. Rf2
Bc7 54. Ne3+ Kc5 55. Rc2+ Kb5 56. Nd5 Bxf4 57. Rb2+ Nb4+ 58. Rxb4+ axb4 59. Nxf4
Kc5 60. Ne6+ Kd5 61. Nf8 b3 62. Nxh7 b2 63. Kc2 Ke4 64. h4 f4 65. Nf8 f3 66.
gxf3+ Kxf3 67. Nxg6 Kg4 68. Kxb2 Kh5 1/2-1/2

[Event "4th HD Bank Cup 2014"]
[Site "Ho Chi Minh City VIE"]
[Date "2014.03.11"]
[Round "2.22"]
[White "Vo, Thi Kim Phung"]
[Black "Ton, That Nhu Tung"]
[Result "1-0"]
[WhiteTitle "WIM"]
[BlackTitle "IM"]
[WhiteElo "2197"]
[BlackElo "2235"]
[WhiteFideId "12401838"]
[BlackFideId "12401439"]
[EventDate "2014.03.10"]

1. d4 d5 2. Nf3 Nf6 3. c4 e6 4. Nc3 Be7 5. Bg5 O-O 6. e3 h6 7. Bh4 b6 8. cxd5
Nxd5 9. Bxe7 Qxe7 10. Bd3 c5 11. O-O Bb7 12. Nxd5 exd5 13. b3 Nd7 14. Rc1 Rac8
15. Bf5 g6 16. Bxd7 Qxd7 17. Ne5 Qe6 18. Qf3 Rc7 19. Ng4 Rfc8 20. Nxh6+ Kg7 21.
Ng4 Ba6 22. Rfe1 Bd3 23. Qf4 Bf5 24. Ne5 f6 25. Nf3 Qe4 26. Qg3 Qg4 27. dxc5
Qxg3 28. hxg3 bxc5 29. Rc3 Bg4 30. Rd1 Rd7 31. Rdc1 Bxf3 32. gxf3 Rdc7 33. Rd1
Rd7 34. e4 d4 35. Rc4 a5 36. Kf1 Kf7 37. Rdc1 Rdc7 38. Ke2 Ke6 39. Ra4 Ra8 40.
Rxd4 a4 41. b4 a3 42. bxc5 Rb8 43. Rc3 Rb5 44. Rxa3 Rcxc5 45. Ra6+ Ke7 46. Rdd6
Rb2+ 47. Kd3 Rxa2 48. Re6+ Kd7 49. Rxf6 Rxf2 50. Ke3 Rf1 51. Kf4 Ke7 52. Kg4 Rc3
53. Rfb6 1-0

[Event "4th HD Bank Cup 2014"]
[Site "Ho Chi Minh City VIE"]
[Date "2014.03.11"]
[Round "2.24"]
[White "Tran, Quang Khai"]
[Black "Dao, Thien Hai"]
[Result "0-1"]
[BlackTitle "GM"]
[WhiteElo "2091"]
[BlackElo "2508"]
[WhiteFideId "12402591"]
[BlackFideId "12400084"]
[EventDate "2014.03.10"]

1. d4 f5 2. e4 fxe4 3. Nc3 Nf6 4. f3 d5 5. Bg5 Bf5 6. Bxf6 exf6 7. fxe4 dxe4 8.
Bc4 Nc6 9. Nge2 Qd7 10. O-O O-O-O 11. Ng3 Bg4 12. Qd2 Qxd4+ 13. Qxd4 Nxd4 14. h3
Bd7 15. Ncxe4 Nxc2 16. Rac1 Ne3 17. Rfe1 Nxc4 18. Rxc4 Bc6 19. Rec1 Rd7 20. Nc5
Bxc5+ 21. Rxc5 Rhd8 22. Nf5 g6 23. Ne3 Re7 24. R5c3 Rd2 25. b4 Rxa2 26. b5 Bxb5
27. Nd5 Rf7 28. Rxc7+ Rxc7 29. Rxc7+ Kb8 30. Rxh7 a5 31. Nxf6 Bc6 32. g4 a4 33.
h4 a3 34. h5 Rg2+ 0-1

[Event "4th HD Bank Cup 2014"]
[Site "Ho Chi Minh City VIE"]
[Date "2014.03.11"]
[Round "2.25"]
[White "Duong, Thuong Cong"]
[Black "Tu, Hoang Thong"]
[Result "0-1"]
[BlackTitle "GM"]
[WhiteElo "2078"]
[BlackElo "2434"]
[WhiteFideId "12402443"]
[BlackFideId "12400076"]
[EventDate "2014.03.10"]

1. e4 c5 2. Nf3 Nc6 3. c3 d5 4. exd5 Qxd5 5. Be2 g6 6. d4 cxd4 7. cxd4 Nf6 8.
Nc3 Qa5 9. O-O Bg7 10. d5 Nb4 11. d6 e6 12. Nb5 Nbd5 13. Bd2 Qb6 14. Qa4 O-O 15.
Ba5 Qa6 16. Nfd4 Bd7 17. Qa3 b6 18. Bb4 Nxb4 19. Qxb4 Nd5 20. Qd2 Qa5 21. Qxa5
bxa5 22. Rfd1 Rab8 23. a4 a6 24. Nc7 Rxb2 25. Nxd5 exd5 26. Bxa6 Rb4 27. Nb5
Bxa1 28. Rxa1 Rd8 29. Nc3 d4 30. Ne4 Rxa4 31. Rd1 Bf5 32. Nc5 Rb4 33. Nb7 Ra8
34. Nc5 a4 35. g4 Bxg4 36. Ra1 Rb6 37. f3 Bf5 0-1

[Event "4th HD Bank Cup 2014"]
[Site "Ho Chi Minh City VIE"]
[Date "2014.03.11"]
[Round "2.26"]
[White "Shyam, Nikil P."]
[Black "Nguyen, Sy Hung"]
[Result "1-0"]
[WhiteTitle "IM"]
[WhiteElo "2431"]
[BlackElo "2131"]
[WhiteFideId "5024218"]
[BlackFideId "12401374"]
[EventDate "2014.03.10"]

1. e4 g6 2. d4 Bg7 3. Nc3 d6 4. Be3 a6 5. a4 Nd7 6. h3 e6 7. Qd2 h6 8. g4 Ne7 9.
Bg2 b6 10. Nge2 Bb7 11. Rd1 d5 12. O-O dxe4 13. Nxe4 Nd5 14. Nf4 Nxe3 15. fxe3
Rb8 16. Ng3 O-O 17. Bxb7 Rxb7 18. Qg2 Qc8 19. Ne4 Qb8 20. g5 h5 21. Nxh5 gxh5
22. Nf6+ 1-0

[Event "4th HD Bank Cup 2014"]
[Site "Ho Chi Minh City VIE"]
[Date "2014.03.11"]
[Round "2.27"]
[White "Nguyen, Phuoc Tam"]
[Black "Nitin, S."]
[Result "1-0"]
[BlackTitle "IM"]
[WhiteElo "2055"]
[BlackElo "2378"]
[WhiteFideId "12402109"]
[BlackFideId "5018277"]
[EventDate "2014.03.10"]

1. e4 c5 2. Nc3 a6 3. g3 b5 4. Bg2 Bb7 5. Nge2 e6 6. a3 Nf6 7. d3 d5 8. exd5
Nxd5 9. O-O Nxc3 10. Nxc3 Bxg2 11. Kxg2 Be7 12. Qf3 Nd7 13. Bf4 O-O 14. Rfe1 Nb6
15. Rad1 b4 16. axb4 cxb4 17. Ne4 Nd5 18. Be5 f6 19. Bd4 e5 20. Bc5 Rc8 21. d4
exd4 22. Rxd4 Bxc5 23. Rxd5 Qb6 24. Nxc5 Rxc5 25. Rd7 Re5 26. Red1 Qe6 27. R1d6
Qc4 28. Rc6 Qb5 29. Rcc7 Rg5 30. h4 Rg6 31. h5 Rg5 32. h6 gxh6 33. Qb3+ 1-0

[Event "4th HD Bank Cup 2014"]
[Site "Ho Chi Minh City VIE"]
[Date "2014.03.11"]
[Round "2.28"]
[White "Sukandar, Irine Kharisma"]
[Black "Ngo, Thi Kim Tuyen"]
[Result "1/2-1/2"]
[WhiteTitle "WGM"]
[WhiteElo "2343"]
[BlackElo "2083"]
[WhiteFideId "7101937"]
[BlackFideId "12400505"]
[EventDate "2014.03.10"]

1. e4 c5 2. Nf3 e6 3. d4 cxd4 4. Nxd4 a6 5. Bd3 d6 6. O-O Nf6 7. Kh1 Be7 8. f4
Qc7 9. Be3 Nbd7 10. Qf3 b5 11. Nd2 Bb7 12. Rae1 O-O 13. Qh3 Nc5 14. Bf2 d5 15.
e5 Nfe4 16. Nxe4 Nxe4 17. Be3 Bc5 18. Rf3 Rae8 19. Qh5 f6 20. exf6 Nxf6 21. Qh4
Ne4 22. Rh3 h6 23. Bxe4 dxe4 24. Rg3 e5 25. fxe5 Qxe5 26. c3 Rf6 27. Qg4 Re7 28.
Ne2 Ref7 29. Kg1 b4 30. Bd4 Qd5 31. a3 bxa3 32. bxa3 Bxd4+ 33. cxd4 a5 34. h3
Ba6 35. Kh2 h5 36. Qh4 Bxe2 37. Rxe2 Rf4 38. Qg5 Qxd4 39. Qxh5 Rf1 40. Ree3 Qa1
41. Rg5 Rh1+ 42. Kg3 Qf1 43. Kh4 Qf4+ 44. Qg4 Qxe3 45. Qc8+ Rf8 46. Qe6+ Rf7 47.
Qc8+ Rf8 48. Qe6+ Rf7 49. Qc8+ 1/2-1/2